[Event "Poronin Tatra Limba op"]
[Site "Poronin"]
[Date "2021.05.26"]
[Round "6"]
[White "Raczek, Krzysztof"]
[Black "Frick, Christoph"]
[Result "0-1"]
[WhiteElo "1706"]
[BlackElo "2051"]
[PlyCount "106"]
[EventDate "2021.05.22"]
[EventType "swiss"]
[EventRounds "9"]
[EventCountry "POL"]
[SourceTitle "EXT 2022"]
[Source "ChessBase"]
[SourceDate "2021.10.06"]
[SourceVersion "1"]
[SourceVersionDate "2021.10.06"]
[SourceQuality "1"]

1. e4 c6 2. d4 d5 3. Nc3 dxe4 4. Nxe4 Nf6 5. Nxf6+ exf6 6. c3 Bd6 7. Bd3 0-0 8. Qc2 Re8+ 9. Ne2 g6 10. h4 Nd7 11. h5 Nf8 12. Bh6 Be6 13. 0-0-0 b5 14. Kb1 a5 15. hxg6 fxg6 16. d5 Bxd5 17. Bxb5 Qb6 18. Rxd5 cxd5 19. Bxe8 Rxe8 20. Qd2 Qb5 21. Nd4 Qd7 22. Rd1 Re5 23. Be3 Rh5 24. Nc2 Kg7 25. c4 Qg4 26. c5 Bc7 27. Nd4 Qxg2 28. Qd3 Rh1 29. Rxh1 Qxh1+ 30. Kc2 Qe4 31. Qxe4 dxe4 32. c6 h5 33. Nb5 Ne6 34. Nxc7 Nxc7 35. Bb6 Nd5 36. Bxa5 h4 37. b4 h3 38. b5 h2 39. b6 Nxb6 40. Bxb6 h1Q 41. c7 Qh8 42. a4 Qc8 43. a5 Kf7 44. Kd2 Ke6 45. Ke3 Kd5 46. Kf4 g5+ 47. Ke3 Qa6 48. Kd2 f5 49. Ke1 f4 50. Kd2 Qc4 51. Kd1 g4 52. Ke1 Qc1+ 53. Ke2 f3# 0-1

[Event "Poronin Tatra Limba op"]
[Site "Poronin"]
[Date "2021.05.24"]
[Round "4"]
[White "Luberanski, Jakub"]
[Black "Frick, Christoph"]
[Result "1-0"]
[WhiteElo "2240"]
[BlackElo "2051"]
[PlyCount "95"]
[EventDate "2021.05.22"]
[EventType "swiss"]
[EventRounds "9"]
[EventCountry "POL"]
[SourceTitle "EXT 2022"]
[Source "ChessBase"]
[SourceDate "2021.10.06"]
[SourceVersion "1"]
[SourceVersionDate "2021.10.06"]
[SourceQuality "1"]

1. e4 c6 2. Nf3 d5 3. exd5 cxd5 4. Ne5 Nc6 5. d4 Nf6 6. c3 e6 7. Bb5 Bd7 8. Nxd7 Qxd7 9. 0-0 Bd6 10. Nd2 0-0 11. Qe2 a6 12. Bd3 e5 13. dxe5 Nxe5 14. Nf3 Nxd3 15. Qxd3 Rfe8 16. Bg5 Ne4 17. Rad1 h6 18. Bh4 g5 19. Bg3 Bxg3 20. fxg3 Rad8 21. Nd4 Re5 22. Qf3 Rde8 23. g4 b5 24. Qh3 Qd6 25. Qh5 Qg6 26. Qxg6+ fxg6 27. Nf3 R5e6 28. Rxd5 Nf6 29. Rd4 Kg7 30. h3 R8e7 31. Rd8 Re2 32. Rf2 Rxf2 33. Kxf2 Ne4+ 34. Kg1 h5 35. gxh5 gxh5 36. Nd4 Ng3 37. Rd5 Kg6 38. Nf3 Ne4 39. Ne5+ Kf6 40. Nc6 Re8 41. Nd4 Ng3 42. Rd6+ Kf7 43. Rxa6 h4 44. Kf2 Kg7 45. Kf3 Re5 46. Re6 Rd5 47. Rb6 Rd7 48. Ne6+ 1-0

[Event "Poronin Tatra Limba op"]
[Site "Poronin"]
[Date "2021.05.22"]
[Round "1"]
[White "Frick, Christoph"]
[Black "Obrochta, Lena"]
[Result "1-0"]
[WhiteElo "2051"]
[BlackElo "1753"]
[PlyCount "59"]
[EventDate "2021.05.22"]
[EventType "swiss"]
[EventRounds "9"]
[EventCountry "POL"]
[SourceTitle "EXT 2022"]
[Source "ChessBase"]
[SourceDate "2021.10.06"]
[SourceVersion "1"]
[SourceVersionDate "2021.10.06"]
[SourceQuality "1"]

1. Nc3 d5 2. e4 d4 3. Nce2 c5 4. Ng3 Nc6 5. Bc4 e5 6. Nf3 Be7 7. d3 Nf6 8. 0-0 0-0 9. Bd2 a6 10. a3 Ne8 11. Qe2 Kh8 12. Nf5 Nd6 13. Nxd6 Qxd6 14. Rae1 Qg6 15. Kh1 Bg4 16. h3 Bxf3 17. Qxf3 f5 18. exf5 Rxf5 19. Qe2 Raf8 20. Bd5 Qf6 21. Kg1 Qd6 22. Be4 R5f7 23. Qh5 g6 24. Qg4 Kg7 25. Qg3 Bf6 26. h4 Ne7 27. h5 Qd7 28. f4 exf4 29. Bxf4 Nf5 30. Bxf5 1-0

[Event "Bassano del Grappa Mix IM 1st"]
[Site "Bassano del Grappa"]
[Date "2021.03.18"]
[Round "3"]
[White "Frick, Christoph"]
[Black "Plat, Vojtech"]
[Result "0-1"]
[WhiteElo "2051"]
[BlackElo "2555"]
[PlyCount "52"]
[EventDate "2021.03.17"]
[EventType "tourn"]
[EventRounds "9"]
[EventCountry "ITA"]
[SourceTitle "CBM 201 Extra"]
[Source "ChessBase"]
[SourceDate "2021.05.31"]
[SourceVersion "1"]
[SourceVersionDate "2021.05.31"]
[SourceQuality "1"]

1. d4 d6 2. e4 Nf6 3. Nc3 e5 4. Nf3 exd4 5. Qxd4 Be7 6. Bg5 Nc6 7. Bb5 0-0 8. Bxc6 bxc6 9. 0-0-0 Be6 10. e5 Nd5 11. Bxe7 Qxe7 12. Rhe1 Nxc3 13. Qxc3 c5 14. exd6 cxd6 15. h4 Rab8 16. Re3 Rb4 17. a3 Rb6 18. Rd5 h6 19. g4 Qb7 20. Rd1 d5 21. Qxc5 Rc8 22. Qa5 Rb5 23. Qe1 Rxb2 24. Nd4 Qb6 25. g5 Rb1+ 26. Kd2 Qxd4+ 0-1

[Event "Bassano del Grappa Mix IM 1st"]
[Site "Bassano del Grappa"]
[Date "2021.03.17"]
[Round "1"]
[White "Checa, Nicolas D"]
[Black "Frick, Christoph"]
[Result "1-0"]
[WhiteElo "2546"]
[BlackElo "2051"]
[PlyCount "67"]
[EventDate "2021.03.17"]
[EventType "tourn"]
[EventRounds "9"]
[EventCountry "ITA"]
[SourceTitle "CBM 201 Extra"]
[Source "ChessBase"]
[SourceDate "2021.05.31"]
[SourceVersion "1"]
[SourceVersionDate "2021.05.31"]
[SourceQuality "1"]

1. d4 d5 2. c4 c6 3. Nf3 Nf6 4. e3 Bg4 5. Nc3 e6 6. h3 Bxf3 7. Qxf3 Bb4 8. Bd2 0-0 9. Bd3 Nbd7 10. a3 Ba5 11. cxd5 exd5 12. b4 Bc7 13. b5 Re8 14. 0-0 Nf8 15. bxc6 bxc6 16. Rfc1 Ne6 17. Qd1 Qd6 18. g3 Ng5 19. Bf5 g6 20. h4 gxf5 21. hxg5 Ng4 22. Qf3 Qg6 23. Nxd5 Bxg3 24. Nf6+ Nxf6 25. gxf6 Bh4+ 26. Kf1 Re4 27. Rxc6 Rae8 28. Rac1 Bxf6 29. R1c5 f4 30. exf4 Qg7 31. Rc8 Qf8 32. Bb4 Kh8 33. Qxe4 Rxc8 34. Qf5 1-0

[Event "LTU-ch Rapid op"]
[Site "Panevezys"]
[Date "2020.07.05"]
[Round "11.9"]
[White "Frick, Christoph"]
[Black "Kalvaitis, Sigitas"]
[Result "1/2-1/2"]
[WhiteElo "2172"]
[BlackElo "2220"]
[PlyCount "154"]
[EventDate "2020.07.04"]
[EventType "swiss (rapid)"]
[EventRounds "11"]
[EventCountry "LTU"]
[SourceTitle "EXT 2023"]
[Source "ChessBase"]
[SourceDate "2022.10.05"]
[SourceVersion "1"]
[SourceVersionDate "2022.10.05"]
[SourceQuality "1"]

1. d4 d5 2. Bf4 Nf6 3. e3 e6 4. Nd2 Bd6 5. Bg3 0-0 6. Bd3 Nc6 7. Ngf3 Qe7 8. Ne5 Bxe5 9. dxe5 Nd7 10. Nf3 Qb4+ 11. Kf1 Qxb2 12. Rb1 Qc3 13. Rb3 Qc5 14. h4 f6 15. Bxh7+ Kh8 16. exf6 Nxf6 17. Bg6 e5 18. Nxe5 Nxe5 19. Bxe5 Ng4 20. Bg3 Qxe3 21. Qe1 Qh6 22. h5 Bf5 23. Kg1 Kg8 24. Rh4 Bxg6 25. hxg6 Qxg6 26. Qd1 Nf6 27. Rxb7 c6 28. Be5 Rae8 29. Bd4 a5 30. Rh3 Rf7 31. Rg3 Qh6 32. Rh3 Qg5 33. Rg3 Qh4 34. Bxf6 Qxf6 35. Rxf7 Qxf7 36. Qd2 Qf5 37. Qxa5 Qxc2 38. Qc7 Qd1+ 39. Kh2 Qh5+ 40. Rh3 Qe5+ 41. Qxe5 Rxe5 42. Rc3 Re6 43. a4 d4 44. Rb3 c5 45. a5 Ra6 46. Rb5 c4 47. Rb4 Rxa5 48. Rxc4 Rd5 49. Kg3 Kf7 50. Kf4 d3 51. Rc1 Kf6 52. Rd1 d2 53. Ke3 Ra5 54. Rxd2 Ra3+ 55. Rd3 Ra4 56. f3 Rb4 57. Rc3 Ra4 58. g4 Rb4 59. Rc5 g5 60. Rc6+ Kf7 61. Rd6 Ra4 62. Rd4 Ra6 63. Rd7+ Kf6 64. Rd4 Re6+ 65. Kf2 Ra6 66. Kg3 Rb6 67. f4 gxf4+ 68. Kxf4 Ra6 69. Re4 Rb6 70. Kg3 Kg6 71. Kh4 Ra6 72. Re5 Rb6 73. Rg5+ Kh6 74. Rg8 Kh7 75. Re8 Kg6 76. Re4 Ra6 77. Rb4 Rc6 1/2-1/2

[Event "GER Cup Net V4 U2400"]
[Site "Playchess.com INT"]
[Date "2020.05.31"]
[Round "6"]
[White "Frick, Christoph"]
[Black "Cofman, Veaceslav"]
[Result "0-1"]
[WhiteElo "1896"]
[BlackElo "2185"]
[PlyCount "86"]
[EventDate "2020.05.31"]
[EventType "swiss (blitz)"]
[EventRounds "9"]
[EventCountry "GER"]
[SourceTitle "EXT 2021"]
[Source "ChessBase"]
[SourceDate "2020.10.23"]
[SourceVersion "1"]
[SourceVersionDate "2020.10.23"]
[SourceQuality "1"]

1. e4 e6 2. Nc3 d5 3. g3 Nf6 4. e5 Nfd7 5. f4 c5 6. Bg2 Nc6 7. Nh3 Be7 8. 0-0 0-0 9. d3 f6 10. exf6 Nxf6 11. g4 Qb6 12. g5 Ne8 13. f5 d4 14. f6 dxc3 15. fxe7 Rxf1+ 16. Qxf1 Nxe7 17. bxc3 e5 18. Nf2 Be6 19. Ne4 Nd6 20. Be3 Rf8 21. Qe2 Nxe4 22. Bxe4 Bd5 23. Qg4 Qc6 24. Bxd5+ Nxd5 25. Bd2 Nf4 26. Re1 h5 27. gxh6 Qxh6 28. Kh1 Qc6+ 29. Re4 c4 30. Qg3 cxd3 31. cxd3 Qd5 32. Bxf4 Rxf4 33. Qe3 Rf8 34. Kg1 Qxa2 35. Rxe5 Qb1+ 36. Kg2 Qb2+ 37. Kg3 Qxc3 38. Re7 Qf6 39. Re6 Qf5 40. Re7 Qg6+ 41. Kh3 Rf5 42. Re8+ Kh7 43. Qe4 Rh5+ 0-1

[Event "GER Cup Net V2 U2400"]
[Site "Playchess.com INT"]
[Date "2020.05.22"]
[Round "2"]
[White "Beesk, Kevin"]
[Black "Frick, Christoph"]
[Result "1-0"]
[WhiteElo "1841"]
[BlackElo "1980"]
[PlyCount "133"]
[EventDate "2020.05.22"]
[EventType "swiss (blitz)"]
[EventRounds "9"]
[EventCountry "GER"]
[SourceTitle "EXT 2021"]
[Source "ChessBase"]
[SourceDate "2020.10.23"]
[SourceVersion "1"]
[SourceVersionDate "2020.10.23"]
[SourceQuality "1"]

1. Nc3 d5 2. e4 dxe4 3. Nxe4 Nf6 4. Nxf6+ exf6 5. Bc4 Bd6 6. d4 0-0 7. Ne2 Nc6 8. Be3 Re8 9. Qd2 Bg4 10. h3 Bh5 11. 0-0 Qd7 12. Nf4 Bg6 13. Nxg6 hxg6 14. c3 Rad8 15. Bf4 g5 16. Bxd6 Qxd6 17. Bb5 a6 18. Bxc6 Qxc6 19. Rfe1 g6 20. Rxe8+ Rxe8 21. Re1 Kg7 22. Rxe8 Qxe8 23. Kf1 Qe4 24. a3 f5 25. f3 Qb1+ 26. Kf2 f4 27. Qe2 Kh6 28. c4 a5 29. d5 a4 30. Qe5 Kh7 31. Qc3 Qf5 32. Qd2 Qe5 33. c5 Kg8 34. d6 Qxc5+ 35. Kf1 Qxd6 36. Qc3 c6 37. Qc4 b5 38. Qc3 Qd5 39. Qa5 Qd1+ 40. Kf2 Qc2+ 41. Kg1 Qxb2 42. Qd8+ Kg7 43. Qxg5 Qxa3 44. Qe5+ Kf8 45. Qb8+ Kg7 46. Qe5+ Kh7 47. Qxf4 Qe7 48. Qc1 Qd7 49. Qb2 Qd6 50. h4 a3 51. Qb3 Qc5+ 52. Kh2 Qe5+ 53. Kg1 Qe7 54. h5 Qe1+ 55. Kh2 Qh4+ 56. Kg1 Qxh5 57. Qxf7+ Kh6 58. Qf8+ Kg5 59. Qc5+ Kf4 60. Qc1+ Ke5 61. Qc5+ Kf4 62. Qc1+ Kf5 63. g4+ Qxg4+ 64. fxg4+ Kxg4 65. Qxa3 Kf5 66. Qc5+ Kf4 67. Qxc6 1-0

[Event "GER Cup Net V2 U2400"]
[Site "Playchess.com INT"]
[Date "2020.05.22"]
[Round "6"]
[White "Eilenberg, Jonas"]
[Black "Frick, Christoph"]
[Result "1-0"]
[WhiteElo "2142"]
[BlackElo "1991"]
[PlyCount "111"]
[EventDate "2020.05.22"]
[EventType "swiss (blitz)"]
[EventRounds "9"]
[EventCountry "GER"]
[SourceTitle "EXT 2021"]
[Source "ChessBase"]
[SourceDate "2020.10.23"]
[SourceVersion "1"]
[SourceVersionDate "2020.10.23"]
[SourceQuality "1"]

1. d4 d5 2. c4 c6 3. cxd5 cxd5 4. Nf3 Nf6 5. Nc3 Nc6 6. Bf4 Nh5 7. Bg5 h6 8. Bh4 g5 9. Bg3 Nxg3 10. hxg3 Bg7 11. e3 a6 12. Bd3 b5 13. Rc1 Bb7 14. a4 b4 15. Nb1 e6 16. Nbd2 0-0 17. Nb3 e5 18. dxe5 Nxe5 19. Nxe5 Bxe5 20. Nc5 Bc8 21. Rxh6 g4 22. Qc2 Qg5 23. Rh1 Be6 24. Nxe6 fxe6 25. Qc6 Qf6 26. Rc2 Rac8 27. Qd7 Qf7 28. Qxf7+ Kxf7 29. Rh7+ Kf6 30. Rh6+ Kf7 31. Kd2 Rxc2+ 32. Kxc2 Rc8+ 33. Kb1 Kg7 34. Rh7+ Kf6 35. Ra7 Rh8 36. Rh7 Rxh7 37. Bxh7 Kg5 38. Bd3 a5 39. Kc2 Bd6 40. Bb5 e5 41. Kd3 Kf5 42. Bd7+ Kg5 43. Bc6 e4+ 44. Kd4 Kf5 45. b3 Be5+ 46. Kxd5 Bc3 47. Bd7+ Kg5 48. Kxe4 Be1 49. f4+ gxf3 50. gxf3 Bxg3 51. f4+ Kf6 52. Bb5 Bf2 53. Bc4 Bg1 54. Kf3 Bh2 55. Kg2 Bxf4 56. exf4 1-0

[Event "GER Cup Net V2 U2400"]
[Site "Playchess.com INT"]
[Date "2020.05.22"]
[Round "9"]
[White "Frick, Christoph"]
[Black "Muse, Drazen"]
[Result "0-1"]
[WhiteElo "2020"]
[BlackElo "2119"]
[PlyCount "124"]
[EventDate "2020.05.22"]
[EventType "swiss (blitz)"]
[EventRounds "9"]
[EventCountry "GER"]
[SourceTitle "EXT 2021"]
[Source "ChessBase"]
[SourceDate "2020.10.23"]
[SourceVersion "1"]
[SourceVersionDate "2020.10.23"]
[SourceQuality "1"]

1. e4 Nc6 2. Nc3 Nf6 3. g3 d5 4. exd5 Nd4 5. Bg2 Bg4 6. f3 Bf5 7. Ne4 Nxd5 8. c3 Nc6 9. d4 e5 10. Ne2 Be7 11. 0-0 0-0 12. dxe5 Bxe4 13. fxe4 Bc5+ 14. Nd4 Nde7 15. Be3 Nxe5 16. Qh5 N7g6 17. Rad1 Qe8 18. Kh1 Rd8 19. Nf5 Bxe3 20. Nxe3 Qa4 21. a3 Qb3 22. Qe2 c6 23. h4 h6 24. Nf5 Rxd1 25. Qxd1 Qxd1 26. Rxd1 Re8 27. h5 Nf8 28. Kg1 Ne6 29. Rd2 Kf8 30. Kf2 Rd8 31. Ke2 Rxd2+ 32. Kxd2 Nc4+ 33. Kc2 g6 34. hxg6 fxg6 35. Bf1 Nxa3+ 36. bxa3 gxf5 37. exf5 Ng5 38. g4 Kf7 39. Bc4+ Kf6 40. Kd3 Nf3 41. Ke3 Ne5 42. Be2 b6 43. Kd4 Nd7 44. a4 Nc5 45. a5 Nb3+ 46. Kc4 Nxa5+ 47. Kb4 Nb7 48. Bf3 a5+ 49. Kc4 Nd8 50. Kb3 Ke5 51. Ka4 Kd6 52. c4 Kc5 53. Kb3 Nf7 54. f6 b5 55. cxb5 cxb5 56. Kc3 a4 57. Be2 b4+ 58. Kd3 b3 59. Kc3 Nd6 60. Bc4 Ne4+ 61. Kd3 Nxf6 62. Kc3 Nxg4 0-1

[Event "GER Cup Net V1 U2400"]
[Site "Playchess.com INT"]
[Date "2020.05.19"]
[Round "8"]
[White "Frick, Christoph"]
[Black "Commercon, Simon"]
[Result "1/2-1/2"]
[WhiteElo "1967"]
[BlackElo "2062"]
[PlyCount "144"]
[EventDate "2020.05.19"]
[EventType "swiss (blitz)"]
[EventRounds "9"]
[EventCountry "GER"]
[SourceTitle "EXT 2021"]
[Source "ChessBase"]
[SourceDate "2020.10.23"]
[SourceVersion "1"]
[SourceVersionDate "2020.10.23"]
[SourceQuality "1"]

1. d4 Nf6 2. Bf4 d5 3. e3 c5 4. dxc5 Nc6 5. Bb5 e6 6. b4 Ne4 7. f3 Qh4+ 8. g3 Qf6 9. Qd4 Qxd4 10. exd4 Nf6 11. Nd2 Be7 12. Ne2 0-0 13. c3 a5 14. Bxc6 bxc6 15. Kf2 Ba6 16. a3 Nd7 17. Nb3 axb4 18. axb4 g5 19. Be3 f6 20. Ra5 Bb5 21. Rha1 Rxa5 22. Rxa5 e5 23. Ra7 Rd8 24. Na5 Kf7 25. Nb7 Rb8 26. Nc1 Ke6 27. Nb3 h5 28. N3a5 Rc8 29. Nb3 g4 30. N7a5 gxf3 31. Kxf3 f5 32. Nd2 e4+ 33. Kf2 h4 34. c4 dxc4 35. Ndxc4 hxg3+ 36. hxg3 Nf6 37. Ne5 Nd5 38. Bd2 Bf6 39. Nb3 Bxe5 40. dxe5 Kxe5 41. Rf7 Ra8 42. Na5 Kd4 43. Rxf5 Kd3 44. Bf4 e3+ 45. Bxe3 Nxe3 46. Rf3 Kc3 47. Rxe3+ Kxb4 48. Nb7 Rb8 49. Re4+ Kc3 50. Nd6 Bd3 51. Re3 Kd4 52. Rf3 Rb2+ 53. Ke1 Be2 54. Rf2 Ke3 55. Nc4+ Bxc4 56. Rxb2 Kd4 57. g4 Kxc5 58. Kf2 Kd4 59. Rd2+ Ke5 60. Kg3 Bd5 61. Kh4 c5 62. g5 Be4 63. Kh5 c4 64. g6 c3 65. Re2 c2 66. Re1 Kd4 67. g7 Bd5 68. Kh6 Kc3 69. Kh7 Kd2 70. Rg1 c1Q 71. Rxc1 Kxc1 72. g8Q Bxg8+ 1/2-1/2

[Event "GER-ch Net Amateur Gr-A Final"]
[Site "Playchess.com INT"]
[Date "2020.04.18"]
[Round "5"]
[White "Frick, Christoph"]
[Black "Hansch, Karsten"]
[Result "1-0"]
[WhiteElo "2027"]
[BlackElo "2158"]
[PlyCount "95"]
[EventDate "2020.04.18"]
[EventType "swiss (blitz)"]
[EventRounds "13"]
[EventCountry "GER"]
[SourceTitle "CBM 195 Extra"]
[Source "ChessBase"]
[SourceDate "2020.05.31"]
[SourceVersion "1"]
[SourceVersionDate "2020.05.31"]
[SourceQuality "1"]

1. d4 Nf6 2. Bf4 g6 3. Nc3 Bg7 4. e4 d6 5. Qd2 0-0 6. 0-0-0 c6 7. Bh6 b5 8. Bxg7 Kxg7 9. f3 Qa5 10. Kb1 Be6 11. d5 cxd5 12. exd5 Bd7 13. Qd4 Na6 14. g4 Kg8 15. h4 Rac8 16. h5 Qb4 17. Qe3 Rxc3 18. Qxc3 Qxc3 19. bxc3 Nc7 20. c4 Rb8 21. Kc1 bxc4 22. Bxc4 Rb4 23. Bb3 a5 24. a3 Rf4 25. hxg6 hxg6 26. Rh3 Bb5 27. Rg3 Nd7 28. Nh3 Rf6 29. f4 Nc5 30. Rd4 Bd7 31. Bc4 g5 32. f5 Rh6 33. Nxg5 Rh1+ 34. Rd1 Rh2 35. Nf3 Rh7 36. Nd4 Rh2 37. Nc6 Kf8 38. Re1 e5 39. fxe6 fxe6 40. Rf3+ Ke8 41. Nd4 e5 42. Nf5 e4 43. Nxd6+ Ke7 44. Nxe4 Nxe4 45. Rxe4+ Kd6 46. Rf6+ Kc5 47. Bb3 a4 48. Rc4+ 1-0